00587nam a2200181 a 4500008004100000020001800041050001500059100002300074245013500097260004100232300002100273350001000294650002100304650002000325650002300345650001600368700002100384150605s2010 ||||||||||||||||| || u a9780300149227 aQL 459 Bru aCraig, Catherine L10aSpider silk: evolution and 400 million years of spinning, waiting, snagging, and matingcby Leslie Brunetta and Catherine L. Craig aLondon:bYale University Pressc2010 axvi, 229p.: ill. a36.49 aSPIDERS--ANATOMY aSPIDERS, FOSSIL aSPIDERS--EVOLUTION aSPIDER WEBS aBrunetta, Leslie